[Event "Ordix Open"]
[Site "Frankfurt"]
[Date "2000.06.16"]
[Round "1"]
[White "Niebling, F."]
[Black "Svidler, P."]
[Result "0-1"]
[WhiteElo "2191"]
[BlackElo "2672"]
[PlyCount "32"]
[EventDate "2000.??.??"]

1. e4 c5 2. Nc3 Nc6 3. f4 e6 4. Nf3 d5 5. Bb5 Nge7 6. exd5 exd5 7. Qe2 Qd6 8.
O-O {Zeit: 17:07 / 22:08} 8... Bg4 9. b3 O-O-O 10. Bxc6 Nxc6 11. h3 Nd4 {
Schon lockert sich Svidler Mine entspannt auf. Die Partie ist bereits gelaufen.
} 12. Qd3 Bxf3 13. gxf3 Qxf4 14. Rf2 Qg3+ 15. Kf1 Qxh3+ 16. Kg1 Rd6 {
Zeit: 12:39 / 15:38} 0-1

[Event "Ordix Open"]
[Site "Frankfurt"]
[Date "2000.06.16"]
[Round "2"]
[White "Svidler, P."]
[Black "Wippermann, T."]
[Result "1-0"]
[WhiteElo "2672"]
[BlackElo "2255"]
[PlyCount "99"]
[EventDate "2000.??.??"]

1. e4 c5 2. Nf3 d6 3. d4 cxd4 4. Nxd4 Nf6 5. Nc3 g6 6. Be3 Bg7 7. f3 O-O 8. Qd2
Nc6 9. O-O-O d5 10. exd5 Nxd5 11. Nxc6 bxc6 12. Bd4 e5 13. Bc5 Be6 {
Zeit: 21:50 / 24:05 (!)} 14. Ne4 Re8 15. Bc4 Qc7 16. g4 Nf4 17. Bxe6 Nxe6 18.
Bd6 Qb6 {Zeit: 17:02 / 20:47} 19. g5 Rad8 20. Kb1 Nd4 21. Bc5 Qc7 22. Qe3 Nf5
23. Qa3 a5 24. Qb3 Rb8 25. Qc4 Qb7 26. b3 Qb5 27. Qxb5 cxb5 28. h4 h5 29. gxh6
Nxh6 30. h5 f5 31. Nd6 Re6 32. Rdg1 Bf8 33. hxg6 Bxd6 34. Bxd6 Rxd6 35. Rxh6
Rbb6 {Zeit: 8:14 / 5:03} 36. Re1 Re6 37. Rh5 e4 38. Rxf5 exf3 39. Rxe6 Rxe6 40.
Rxf3 Rxg6 41. Rf5 Rb6 42. Kb2 Kg7 43. Kc3 Kg6 44. Rd5 Kf6 {Zeit: 7:10 / 3:32}
45. Kd4 Ke6 46. Kc5 Rb8 47. Rd6+ Ke5 48. Rb6 Rc8+ 49. Kxb5 Rxc2 50. a4 1-0

[Event "Ordix Open"]
[Site "Frankfurt"]
[Date "2000.06.16"]
[Round "2"]
[White "Rasmussen, C."]
[Black "Gurevich, M."]
[Result "0-1"]
[WhiteElo "2256"]
[BlackElo "2694"]
[PlyCount "94"]
[EventDate "2000.??.??"]

1. e4 e6 2. d4 d5 3. Nd2 c5 4. exd5 exd5 5. Ngf3 Nf6 6. Bb5+ Bd7 7. Bxd7+ Nbxd7
8. O-O Be7 9. dxc5 Nxc5 10. Nd4 Qd7 11. N2f3 Bd6 12. Qe2+ Nce4 13. Qb5 Rc8 14.
c3 Qxb5 15. Nxb5 Bc5 {Zeit: 17:43 / 21:18} 16. Bf4 O-O 17. Rad1 a6 18. Nbd4
Rfe8 19. h3 b5 20. Be3 Nd6 {Zeit: 15:39 / 17:48} 21. Nc2 Nc4 {Das Springermanoe
ver von e4 ueber d6 nach c4 wurde von Gurevich a tempo gespielt.} 22. Bxc5 Rxc5
23. Rb1 Re2 24. Nfd4 Rd2 25. Nb3 Rc8 26. Nxd2 Nxd2 27. Rbd1 Nxf1 28. Kxf1 a5
29. Ne3 Rd8 30. c4 bxc4 31. Nxc4 Rb8 32. Nxa5 Rxb2 33. Nc6 Ne4 {
Zeit: 7:35 / 13:35} 34. f3 Ng3+ 35. Kg1 Ne2+ 36. Kh2 Nf4 37. a4 Rxg2+ 38. Kh1
Ra2 39. a5 g5 40. Rb1 Kg7 41. Rb6 d4 {Zeit: 4:13 / 11:28} 42. a6 d3 43. a7 Ra1+
44. Kh2 d2 45. Nd4 f6 46. Rb7+ Kg6 47. Rb1 Rxa7 {Zeit: 1:45 / 10:19} 0-1

[Event "Ordix Open"]
[Site "Frankfurt"]
[Date "2000.06.16"]
[Round "2"]
[White "Asylguzhin, R."]
[Black "Epishin, W."]
[Result "0-1"]
[WhiteElo "2254"]
[BlackElo "2677"]
[PlyCount "60"]
[EventDate "2000.??.??"]

1. e4 c5 2. c4 e6 3. Nc3 Nc6 4. Nge2 Nge7 {Zeit: 23:50 / 21:51} 5. d4 cxd4 6.
Nxd4 Nxd4 7. Qxd4 Nc6 8. Qe3 Bd6 9. Be2 O-O 10. O-O b6 11. Rd1 Qe7 12. Nb5 Bc5
13. Qg3 e5 14. Nc3 Nd4 15. Bg4 Bb7 16. Nd5 Bxd5 17. cxd5 f5 18. exf5 Nxf5 19.
Bxf5 Rxf5 20. Be3 Raf8 21. Rd2 h5 {Zeit: 9:56 / 14:32} 22. Rc1 d6 23. Bxc5 bxc5
24. Qb3 h4 25. Qe3 Rf4 26. h3 a5 27. Qc3 Qg5 28. Qe3 Qg6 29. Qd3 Qxd3 30. Rxd3
Rxf2 {Time} 0-1

[Event "Ordix Open"]
[Site "Frankfurt"]
[Date "2000.06.16"]
[Round "3"]
[White "Vehi, V."]
[Black "Svidler, P."]
[Result "1-0"]
[WhiteElo "2431"]
[BlackElo "2670"]
[Annotator "Fietz, Harald"]
[PlyCount "79"]
[EventDate "2000.??.??"]

1. e4 g6 2. d4 Bg7 3. Nc3 d6 4. Be3 a6 5. a4 Nc6 6. h3 e5 7. Nf3 exd4 8. Nxd4
Nf6 9. g3 O-O 10. Bg2 Nb4 11. O-O Re8 12. Qd2 d5 13. exd5 Nbxd5 14. Nxd5 Nxd5
15. Bh6 Bf6 16. Rfe1 Rxe1+ 17. Rxe1 c6 18. c3 Bd7 19. c4 Nc7 20. Nf3 Ne6 {
Zeit: 10:50 / 10:40} 21. Rd1 Qc7 22. Bf4 (22. Qxd7 Rd8 $1) 22... Nxf4 23. Qxd7
Ne6 {Zeit: 6:46 / 4:26} 24. Qxc7 Nxc7 25. Rd7 Rc8 26. h4 b5 27. b3 bxa4 28.
bxa4 Ne6 29. Bh3 Nc5 30. Ra7 Rd8 {Zeit: 5:32 / 3:15} 31. Ng5 Bxg5 32. hxg5 Rd4
33. Bg2 Rxc4 34. Bxc6 Ne6 35. Rxa6 Nxg5 {Zeit: 4:13 / 2:23} 36. a5 Rc2 37. Kg2
Ra2 38. Ra7 Kg7 39. a6 Kf6 40. Bd5 {Zeit: 3:25 / 1:45 in dieser Position
beruehrte Svidler nach eigenen Angaben seine Koenig "leicht". Sein spanischer
Kontrahent war sich da nicht so sicher. Der Russe gab die Partie aber
entnervtauf!} 1-0

[Event "Ordix Open"]
[Site "Frankfurt"]
[Date "2000.06.16"]
[Round "3"]
[White "Gurevich, M."]
[Black "Brendel, O."]
[Result "0-1"]
[WhiteElo "2694"]
[BlackElo "2417"]
[PlyCount "136"]
[EventDate "2000.??.??"]

1. c4 g6 2. e4 c5 3. Nf3 Nc6 4. d4 cxd4 5. Nxd4 Nf6 6. Nc3 Nxd4 7. Qxd4 d6 8.
f3 Bg7 9. Be3 O-O 10. Qd2 Be6 11. Be2 Qa5 12. Nd5 Qxd2+ 13. Kxd2 Nxd5 14. cxd5
Bd7 15. Rac1 Rfc8 16. b3 a6 17. Rxc8+ Rxc8 18. Rc1 Rxc1 19. Kxc1 Kf8 20. Bb6 e6
21. Bc4 Ke7 22. Kd2 h5 23. Kd3 Bh6 24. Kc3 h4 25. g3 hxg3 26. hxg3 e5 27. a4
Bc1 28. Bf1 g5 29. Kc2 Ba3 30. Be3 f6 31. Kc3 a5 32. Bc4 Bb4+ 33. Kd3 Kf7 {
Zeit: 10:09 / 8:29} 34. Ke2 Kg6 35. Bd3 Kf7 36. Kf1 Ke7 37. Bb6 Bd2 38. Kg2 Bc3
39. Kh2 Be1 40. Be3 Bb4 {Zeit: 7:05 / 5:48} 41. Bf1 Be8 42. Bh3 b5 43. axb5
Bxb5 44. Kg1 Be2 45. Bf1 Bxf3 46. Bd3 Bd1 47. Bc4 Bc2 48. Kf2 Bxe4 49. g4 Bc5
50. Ke2 Bxe3 {Zeit: 6:03 / 4:55} 51. Kxe3 Bg2 52. Kf2 Be4 53. Ke3 Bb1 54. Bb5
f5 55. gxf5 Kf6 56. Bd7 Bc2 57. Ba4 Bxf5 58. Bb5 g4 59. Bc4 Kg5 60. Be2 Kh4 61.
Kf2 g3+ 62. Kg1 Bc2 63. Bc4 Kg5 64. Kg2 Kf4 65. Kg1 Ke3 66. Kg2 Bd3 67. Kxg3
Bxc4 68. bxc4 Kd4 0-1

[Event "Ordix Open"]
[Site "Frankfurt"]
[Date "2000.06.16"]
[Round "2"]
[White "van Wely, L."]
[Black "Fischdick, G."]
[Result "0-1"]
[WhiteElo "2646"]
[BlackElo "2233"]
[Annotator "Gisela Fischdick"]
[PlyCount "70"]
[EventDate "2000.??.??"]

1. d4 d5 2. c4 c6 3. Nc3 Nf6 4. Nf3 a6 5. c5 Bf5 6. Bf4 Nbd7 7. e3 e6 8. h3 b5
9. g4 Bg6 10. Nh4 Be4 11. f3 Bg6 12. Bg3 Be7 13. Ng2 O-O 14. Nf4 e5 $1 15. Nxg6
hxg6 16. h4 exd4 17. exd4 Re8 18. Kf2 Nxc5 $1 19. dxc5 Bxc5+ 20. Kg2 d4 21. Ne2
(21. Ne4 $5) 21... Nd5 22. Bf2 $2 d3 $1 $19 23. Nc3 (23. Bxc5 dxe2 24. Bxe2
Rxe2+ $19) 23... Bxf2 24. Nxd5 Re1 25. Nc3 Rxd1 26. Rxd1 Bb6 27. Rxd3 Qf6 28.
h5 Re8 29. hxg6 fxg6 30. Rd2 Qf4 31. Rc2 Bc7 32. Ne2 Qd6 33. Kg1 c5 34. Kf2 c4
35. Ke1 Qd3 {Time Bg3#} 0-1

[Event "Ordix Open"]
[Site "Frankfurt"]
[Date "2000.06.17"]
[Round "4"]
[White "Shchekachev, A."]
[Black "Epishin, W."]
[Result "1/2-1/2"]
[WhiteElo "2509"]
[BlackElo "2667"]
[PlyCount "117"]
[EventDate "2000.??.??"]

1. Nf3 g6 2. e4 d5 3. exd5 Qxd5 4. Nc3 Qa5 5. d4 Bg7 6. Bc4 Nf6 7. O-O O-O 8.
Re1 Bg4 9. h3 Bxf3 10. Qxf3 Qb4 11. Bb3 Nc6 12. Be3 e6 13. Rad1 Rad8 14. Ne2
Qb5 15. Ng3 Na5 16. h4 Qc6 17. Qxc6 Nxc6 18. c3 Na5 19. Bc2 Nc4 20. Bc1 c6 21.
h5 Rd7 22. hxg6 hxg6 23. Ne4 Nxe4 24. Bxe4 Bf6 25. g3 Rfd8 26. Bc2 b5 27. Kg2
a5 28. Be4 Rc8 29. g4 a4 30. a3 Nb6 31. f4 Nd5 32. Kf3 Ne7 33. Rg1 Kf8 34. Rh1
Bg7 35. Bc2 Rd5 36. Be4 Rdd8 37. Bc2 Rd5 38. Rh2 c5 39. dxc5 Rcxc5 40. Be3 Rc4
41. Bd3 Rc8 42. Rhd2 f5 43. Be2 Rb8 44. g5 Kf7 45. Rxd5 Nxd5 46. Bd4 Rh8 47.
Kg3 Nxf4 48. Kxf4 e5+ 49. Bxe5 Bxe5+ 50. Kxe5 Re8+ 51. Kf4 Rxe2 52. Rd7+ Ke6
53. Rg7 Rf2+ 54. Ke3 Rxb2 55. Rxg6+ Ke5 56. Rc6 Kd5 57. Rf6 Ke5 58. Rc6 Kd5 59.
Rf6 1/2-1/2

[Event "Ordix Open"]
[Site "Frankfurt"]
[Date "2000.06.17"]
[Round "4"]
[White "Rublevsky, S."]
[Black "Podzielny, K H."]
[Result "1-0"]
[WhiteElo "2662"]
[BlackElo "2506"]
[PlyCount "75"]
[EventDate "2000.??.??"]

1. e4 c5 2. Nf3 e6 3. c4 d6 4. d4 cxd4 5. Nxd4 Nf6 6. Nc3 a6 7. Be2 Be7 8. O-O
Qc7 9. Be3 b6 10. a4 Bb7 11. f3 Nbd7 12. a5 bxa5 13. Nb3 Rb8 14. Nxa5 Ba8 15.
Qd2 O-O 16. Rfc1 Rfc8 17. Bf1 Bf8 18. Kh1 Rd8 19. Bf2 Ne5 20. Ra4 Qd7 21. Rd1
Qc7 22. Qe2 Re8 23. Qc2 d5 24. exd5 exd5 25. Bg3 Nh5 26. cxd5 Nxg3+ 27. hxg3
Bb4 28. Nb3 a5 29. Nd4 Nd7 30. Ne4 Qe5 31. Nc6 Bxc6 32. dxc6 Nb6 33. Rxb4 axb4
34. c7 Ra8 35. Qc6 Qh5+ 36. Kg1 Qa5 37. Rd6 Na4 38. Ba6 1-0

[Event "Ordix Open"]
[Site "Frankfurt"]
[Date "2000.06.17"]
[Round "4"]
[White "Barsov, A."]
[Black "Milov, L."]
[Result "0-1"]
[WhiteElo "2521"]
[BlackElo "2486"]
[PlyCount "82"]
[EventDate "2000.??.??"]

1. d4 Nf6 2. Nf3 g6 3. c4 Bg7 4. Nc3 d6 5. e4 O-O 6. h3 Na6 7. Bg5 c5 8. d5 Nc7
9. Bd3 e5 10. g4 a6 11. a4 b6 12. Rb1 Rb8 13. b4 cxb4 14. Rxb4 a5 15. Rb1 Na6
16. Kf1 Nc5 17. Kg2 Bd7 18. Bc2 h6 19. Be3 h5 20. Nh2 Qc8 21. f3 Nh7 22. Nb5
Bxb5 23. Rxb5 Bf6 24. f4 exf4 25. Bxf4 Be5 26. Bxe5 dxe5 27. gxh5 Nf6 28. hxg6
fxg6 29. Ng4 Nh5 30. Rf1 Nf4+ 31. Kh2 Rb7 32. Rf3 Rh7 33. Rg3 Qd8 34. Ne3 Rff7
35. d6 Rf6 36. Nd5 Rxd6 37. Qa1 Qd7 38. Qf1 Qf7 39. Bd1 Nxe4 40. Re3 Nd2 41.
Qg1 Nxd5 0-1

[Event "Ordix Open"]
[Site "Frankfurt"]
[Date "2000.06.17"]
[Round "5"]
[White "Milov, V."]
[Black "Kindermann, S."]
[Result "1-0"]
[WhiteElo "2653"]
[BlackElo "2528"]
[PlyCount "98"]
[EventDate "2000.??.??"]

1. d4 f5 2. g3 Nf6 3. Bg2 d6 4. Nc3 d5 5. Nf3 e6 6. O-O Be7 7. Bf4 Bd7 8. Qd3
O-O 9. Nb5 Bxb5 10. Qxb5 Qc8 11. c4 c6 12. Qb3 dxc4 13. Qxc4 Nd5 14. Bd2 Nd7
15. Rac1 Qe8 16. b4 a6 17. a4 N7f6 18. Rfd1 Bd6 19. Ne5 Nd7 20. Nd3 f4 21. Nc5
fxg3 22. hxg3 Qf7 23. Rf1 Nxc5 24. bxc5 Bc7 25. Rb1 Rab8 26. e4 Nf6 27. Rb3 Ng4
28. Bf3 Qg6 29. Qe2 h5 30. e5 Qc2 31. Qd1 Qf5 32. Qb1 Rbd8 33. Qxf5 Rxf5 34.
Bxg4 hxg4 35. Be3 Rb8 36. Rfb1 Ba5 37. Rxb7 Rxb7 38. Rxb7 Rf7 39. Rb3 Rd7 40.
Rb8+ Rd8 41. Rb7 Bc3 42. Rb3 Ba5 43. Kf1 Rd7 44. Ke2 Kf7 45. Rb8 Kg6 46. Kd3
Bc7 47. Rb7 Kf7 48. Ra7 a5 49. Ke4 Ke8 1-0

[Event "Ordix Open"]
[Site "Frankfurt"]
[Date "2000.06.17"]
[Round "6"]
[White "Rublevsky, S."]
[Black "Milov, V."]
[Result "1/2-1/2"]
[WhiteElo "2662"]
[BlackElo "2653"]
[PlyCount "60"]
[EventDate "2000.??.??"]

1. e4 c5 2. Nf3 e6 3. c4 Nc6 4. Nc3 Nf6 5. Be2 e5 6. O-O d6 7. d3 g6 8. Ne1 Bg7
9. f4 exf4 10. Bxf4 Ne5 11. Bg5 h6 12. Bh4 Be6 13. Nc2 O-O 14. Ne3 Ned7 15. Kh1
a6 16. Rf2 Nxe4 17. dxe4 Qxh4 18. g3 Qg5 19. Ned5 Ne5 20. Nc7 Rad8 21. Nxe6
fxe6 22. Rxf8+ Bxf8 23. Qb3 Be7 24. Qxb7 Rf8 25. Rf1 Rxf1+ 26. Bxf1 Qf6 27. Be2
h5 28. Qb3 Ng4 29. Nd1 Qd4 30. Qd3 Qxd3 1/2-1/2

[Event "Ordix Open"]
[Site "Frankfurt"]
[Date "2000.06.17"]
[Round "6"]
[White "Nielsen, P H."]
[Black "Epishin, W."]
[Result "0-1"]
[WhiteElo "2564"]
[BlackElo "2667"]
[PlyCount "58"]
[EventDate "2000.??.??"]

1. d4 Nf6 2. c4 e6 3. Nc3 Bb4 4. Nf3 c5 5. g3 Bxc3+ 6. bxc3 Qa5 7. Qb3 Nc6 8.
dxc5 Ne4 9. Bg2 Nxc5 10. Qa3 Qxa3 11. Bxa3 Na4 12. Kd2 Nb6 13. Kd3 d5 14. cxd5
exd5 15. Nd4 Bg4 16. h3 Bh5 17. f4 Nxd4 18. Kxd4 f6 19. Bc5 Na4 20. Bxd5 O-O-O
21. e4 Bf3 22. Rhc1 Rhe8 23. Kc4 Nb2+ 24. Kb5 Bxe4 25. Bxe4 Rxe4 26. Bd4 a6+
27. Ka5 Rd5+ 28. Kb4 Rb5+ 29. Ka3 Nc4+ 0-1

[Event "Ordix Open"]
[Site "Frankfurt"]
[Date "2000.06.17"]
[Round "6"]
[White "Lobron, E."]
[Black "Dautov, R."]
[Result "1-0"]
[WhiteElo "2550"]
[BlackElo "2602"]
[PlyCount "79"]
[EventDate "2000.??.??"]

1. d4 Nf6 2. Nf3 e6 3. e3 b6 4. Bd3 Bb7 5. O-O d5 6. b3 Nbd7 7. Bb2 Bd6 8. Nbd2
O-O 9. Qe2 Ne4 10. Rad1 f5 11. Ne5 Bxe5 12. dxe5 Ndc5 13. Nf3 a5 14. Nd4 Qe8
15. f3 Nxd3 16. cxd3 Ng5 17. f4 Nf7 18. Nf3 c5 19. Rf2 a4 20. d4 Qd7 21. dxc5
bxc5 22. Rc1 Rfc8 23. h3 axb3 24. axb3 Ba6 25. Qc2 Bb5 26. g4 g6 27. gxf5 gxf5
28. Kh2 Nh6 29. Rg2+ Kh8 30. Qf2 Rg8 31. Rxg8+ Rxg8 32. Qh4 Rg6 33. Rxc5 Nf7
34. Rc1 Bd3 35. Rg1 Rxg1 36. Kxg1 Be4 37. Nd4 Nd8 38. Qf6+ Kg8 39. Ba3 Qe8 40.
Be7 1-0

[Event "Ordix Open"]
[Site "Frankfurt"]
[Date "2000.06.17"]
[Round "7"]
[White "Milov, V."]
[Black "Lobron, E."]
[Result "1-0"]
[WhiteElo "2653"]
[BlackElo "2550"]
[PlyCount "77"]
[EventDate "2000.??.??"]

1. d4 e6 2. c4 c5 3. d5 exd5 4. cxd5 d6 5. Nc3 g6 6. e4 Bg7 7. Bb5+ Bd7 8. Bd3
Nf6 9. f4 O-O 10. Nf3 Bg4 11. O-O Nbd7 12. h3 Bxf3 13. Qxf3 a6 14. a4 Qc7 15.
Kh1 c4 16. Bc2 Rab8 17. a5 Rfe8 18. Ra4 Rbc8 19. Bd2 b5 20. axb6 Qxb6 21. Nd1
Re7 22. Bc3 Qb5 23. Ra5 Qb6 24. Ra4 Qb5 25. Nf2 Nh5 26. Bxg7 Nxg7 27. Qc3 f5
28. Rd1 Rb8 29. Ra2 Rb6 30. Rd4 Nc5 31. Rxc4 fxe4 32. Nxe4 Nxe4 33. Bxe4 Nh5
34. Bf3 Ng3+ 35. Kh2 Nf1+ 36. Kg1 Ne3 37. Rc8+ Kf7 38. Qh8 Re8 39. Rc7+ 1-0

[Event "Ordix Open"]
[Site "Frankfurt"]
[Date "2000.06.17"]
[Round "8"]
[White "Svidler, P."]
[Black "Milov, V."]
[Result "1-0"]
[WhiteElo "2670"]
[BlackElo "2653"]
[PlyCount "127"]
[EventDate "2000.??.??"]

1. e4 c5 2. Nf3 e6 3. d4 cxd4 4. Nxd4 a6 5. Nc3 b5 6. Bd3 Qb6 7. Be3 Bc5 8. Be2
Nc6 9. Nxc6 Bxe3 10. fxe3 dxc6 11. Qd4 Qxd4 12. exd4 e5 13. d5 Bb7 14. a4 b4
15. dxc6 Bxc6 16. Nd5 Bxd5 17. exd5 Ke7 18. d6+ Kxd6 19. O-O-O+ Kc7 20. Rd5 Ne7
21. Rxe5 Nc6 22. Rf5 f6 23. Rf4 a5 24. Rg4 g6 25. Rc4 Kb6 26. Bf3 Ne5 27. Rf4
Raf8 28. Rd1 Nxf3 29. gxf3 f5 30. Rd6+ Kc7 31. Rd5 Kb6 32. Rfd4 Ra8 33. Rd6+
Kc7 34. Rd7+ Kc6 35. Kd2 Rhe8 36. Kd3 Re5 37. Rxh7 Rae8 38. Rhd7 Re2 39. R4d6+
Kc5 40. Rd5+ Kc6 41. R7d6+ Kc7 42. Rxg6 R8e3+ 43. Kc4 Rxc2+ 44. Kb5 Re7 45.
Kxa5 Rxb2 46. Rxf5 b3 47. Rb5 Re8 48. Rbb6 Rxh2 49. Rxb3 Rf2 50. Rc3+ Kd7 51.
Kb4 Rf8 52. Rg3 Rf4+ 53. Kb3 Rf5 54. Rh3 Kd6 55. Rd3+ Kc6 56. Rh6+ Kc5 57. Rc3+
Kd5 58. a5 R5xf3 59. Rxf3 Rxf3+ 60. Kb4 Rf1 61. Kb5 Rb1+ 62. Ka6 Kc5 63. Ka7
Kb5 64. Rb6+ 1-0

[Event "Ordix Open"]
[Site "Frankfurt"]
[Date "2000.06.17"]
[Round "8"]
[White "Rublevsky, S."]
[Black "Gurevich, M."]
[Result "0-1"]
[WhiteElo "2662"]
[BlackElo "2694"]
[PlyCount "107"]
[EventDate "2000.??.??"]

1. e4 e6 2. d4 d5 3. Nd2 c5 4. exd5 exd5 5. Bb5+ Bd7 6. Qe2+ Be7 7. dxc5 Nf6 8.
Nb3 O-O 9. Nf3 Re8 10. Be3 a6 11. Bd3 Ba4 12. Nfd4 Nbd7 13. O-O-O Nxc5 14. Nxc5
Bxc5 15. Qf3 Qb6 16. Nf5 Bxe3+ 17. Nxe3 Bb5 18. Bxb5 axb5 19. Nxd5 Nxd5 20.
Qxd5 Red8 21. Qb3 Qxf2 22. Rdf1 Qd2+ 23. Kb1 Qd7 24. a3 Ra4 25. Rf3 Rd4 26.
Rhf1 Rd5 27. Rxf7 Qxf7 28. Rxf7 Kxf7 29. c4 bxc4 30. Qxb7+ R8d7 31. Qc6 Rd4 32.
a4 R7d6 33. Qb7+ Rd7 34. Qb4 Rc7 35. a5 Rdd7 36. Qb5 Ke6 37. a6 h6 38. Kc2 Kd6
39. Kc3 Ke6 40. Qb6+ Kd5 41. g4 Ke5 42. Kb4 Ke4 43. Qe6+ Kd3 44. Qe5 Kc2 45.
Qe2+ Kb1 46. Ka3 Rd3+ 47. Ka4 Rdd7 48. Kb5 Re7 49. Qg2 Kc1 50. Kb6 Rcd7 51. Kb5
Rc7 52. h4 Kb1 53. g5 hxg5 54. hxg5 {Hier versagte die Uebertragungstechnik:
Weiss unternahm weitere Gewinnversuche, aber ploetzlich verirrte sich sein zu
"forscher" Koenig in einem Mattnetz. Der Verlust der Dame war die Konsequenz.}
0-1

[Event "Ordix Open"]
[Site "Frankfurt"]
[Date "2000.06.17"]
[Round "8"]
[White "Mainka, R."]
[Black "Epishin, W."]
[Result "1-0"]
[WhiteElo "2478"]
[BlackElo "2677"]
[PlyCount "167"]
[EventDate "2000.??.??"]

1. e4 c6 2. d4 d5 3. e5 Bf5 4. c3 e6 5. Be3 Be7 6. Nd2 Bg6 7. Qb3 Qc7 8. Be2 f6
9. exf6 Nxf6 10. Nh3 O-O 11. Ng5 Bf5 12. h3 h6 13. g4 hxg5 14. gxf5 exf5 15.
Bxg5 Ne4 16. Nxe4 fxe4 17. h4 Na6 18. Be3 Bd6 19. c4 Qa5+ 20. Kd1 c5 21. Qxb7
Nb4 22. Rg1 Qc7 23. Qxc7 Bxc7 24. cxd5 Rad8 25. dxc5 Rxd5+ 26. Kc1 Nd3+ 27.
Bxd3 exd3 28. Rg4 Be5 29. Rg5 Rb8 30. Rb1 Rb4 31. Kd2 Rxh4 32. c6 Rb5 33. f4
Rd5 34. Rxe5 Rh2+ 35. Kc3 Rc2+ 36. Kb4 a5+ 37. Kb3 Rd6 38. Rc5 Rxc6 39. Rxc6
Rxc6 40. Rd1 Rd6 41. Kc3 Rc6+ 42. Kb3 Rd6 43. Bd2 Rb6+ 44. Kc3 Kf7 45. Re1 a4
46. Re4 Rc6+ 47. Rc4 Ra6 48. Kxd3 Ke6 49. Bc3 g6 50. Ke4 Ra8 51. Rc6+ Kf7 52.
Rf6+ Ke7 53. Rxg6 Rc8 54. f5 Rc4+ 55. Kd5 Rf4 56. Rg7+ Kf8 57. f6 Rf2 58. Ra7
Rf3 59. Bb4+ Kg8 60. f7+ Rxf7 61. Rxf7 Kxf7 62. Kc4 Ke6 63. Kb5 Kd5 64. Kxa4
Kc6 65. Bc3 Kc5 66. b4+ Kb6 67. b5 Kb7 68. Ka5 Ka7 69. b6+ Kb7 70. Kb5 Ka8 71.
a4 Kb7 72. a5 Ka8 73. a6 Kb8 74. Be5+ Kc8 75. Kc6 Kd8 76. b7 Ke7 77. b8=Q Ke6
78. Qd8 Kf5 79. Qd4 Ke6 80. Qe4 Kf7 81. Qf5+ Ke7 82. Qg6 Kd8 83. Qf7 Kc8 84.
Qe8# 1-0

[Event "Ordix Open"]
[Site "Frankfurt"]
[Date "2000.06.17"]
[Round "8"]
[White "Landa, K."]
[Black "Fridman, D."]
[Result "0-1"]
[WhiteElo "2598"]
[BlackElo "2539"]
[PlyCount "110"]
[EventDate "2000.??.??"]

1. e4 c6 2. d4 d5 3. Nc3 dxe4 4. Nxe4 Bf5 5. Ng3 Bg6 6. Bc4 e6 7. N1e2 Bd6 8.
Nf4 Qc7 9. Nfh5 Bxh5 10. Nxh5 g6 11. Ng3 Nf6 12. Qf3 Nbd7 13. O-O h6 14. c3
O-O-O 15. Be3 g5 16. h3 Rdg8 17. Nh5 Nxh5 18. Qxh5 g4 19. hxg4 Nf6 20. Qh3 Nxg4
21. Rfe1 h5 22. Bf1 h4 23. c4 Bh2+ 24. Kh1 Bf4 25. Kg1 Nxe3 26. Rxe3 Bxe3 27.
Qxe3 Kb8 28. Rd1 h3 29. g3 f5 30. Kh2 f4 31. Qxf4 Qxf4 32. gxf4 Rh4 33. Bxh3
Rxf4 34. Rd2 Rd8 35. Bxe6 Rfxd4 36. Rxd4 Rxd4 37. Kg3 Rd2 38. f4 Rxb2 39. f5
Kc7 40. c5 Rc2 41. f6 Kd8 42. Kf4 Rxc5 43. Ke4 b5 44. Kd4 Rh5 45. Ke4 a5 46.
Bf7 Rg5 47. Kf4 Rc5 48. Ke4 Kd7 49. Bg8 a4 50. Bf7 b4 51. Bg8 b3 52. axb3 a3
53. b4 Rd5 54. f7 Ke7 55. b5 Rxb5 0-1

[Event "Ordix Open"]
[Site "Frankfurt"]
[Date "2000.06.17"]
[Round "9"]
[White "Gurevich, M."]
[Black "Mainka, R."]
[Result "1/2-1/2"]
[WhiteElo "2694"]
[BlackElo "2478"]
[PlyCount "105"]
[EventDate "2000.??.??"]

1. d4 f5 2. g3 Nf6 3. Bg2 g6 4. Nf3 Bg7 5. c4 O-O 6. Nc3 d6 7. O-O Qe8 8. d5 a5
9. Rb1 Na6 10. b3 Bd7 11. Bb2 Nc5 12. e3 c6 13. Nd4 Rc8 14. Qe2 Qf7 15. Rfd1
Nfe4 16. Rbc1 Nxc3 17. Bxc3 Ne4 18. Bxa5 cxd5 19. cxd5 Qxd5 20. Bb4 Rxc1 21.
Rxc1 Bxd4 22. Rd1 Rc8 23. exd4 Qb5 24. Qe1 Rc2 25. f3 Re2 26. Qf1 Nf6 27. a4
Rxg2+ 28. Kxg2 Qxb4 29. Qc4+ Qxc4 30. bxc4 e6 31. Rb1 Bc6 32. a5 Nd7 33. Kf2
Kf7 34. Ke3 Ke7 35. h4 h6 36. g4 fxg4 37. fxg4 g5 38. hxg5 hxg5 39. Kd3 Nf6 40.
Rb6 Kd7 41. a6 bxa6 42. Rxa6 Nxg4 43. Ra7+ Kd8 44. Rg7 Nf2+ 45. Ke3 Ne4 46.
Rg8+ Kc7 47. Rg6 d5 48. c5 Bd7 49. Rg7 Kc6 50. Rg6 Kb5 51. Rg7 Kc6 52. Rg6 Kb5
53. Rg7 1/2-1/2

[Event "Ordix Open"]
[Site "Frankfurt"]
[Date "2000.06.17"]
[Round "9"]
[White "Langheinrich, F."]
[Black "Rublevsky, S."]
[Result "0-1"]
[WhiteElo "2325"]
[BlackElo "2662"]
[PlyCount "92"]
[EventDate "2000.??.??"]

1. e4 c5 2. Nf3 e6 3. d4 cxd4 4. Nxd4 a6 5. Bd3 Nf6 6. O-O d6 7. c4 Bd7 8. Nc3
Nc6 9. Nxc6 Bxc6 10. Qe2 Be7 11. Bd2 O-O 12. Rae1 Re8 13. f4 Nd7 14. Rf3 Bf6
15. Rh3 g6 16. b3 Bd4+ 17. Kh1 Qf6 18. Nd1 b5 19. Ne3 h5 20. Nc2 Bb6 21. Nb4
bxc4 22. Bxc4 Bb7 23. Rf1 a5 24. Nc2 d5 25. Bb5 Rec8 26. Ne3 Nc5 27. e5 Qg7 28.
f5 Ne4 29. f6 Qh7 30. Be1 Rc1 31. Bd3 Nc5 32. Bb5 Rc8 33. Bd2 Rxf1+ 34. Nxf1
Ne4 35. Be3 Nc3 36. Qd3 Bxe3 37. Bd7 Rc7 38. Qxe3 Rxd7 39. Qxc3 Qh6 40. Nd2 d4
41. Qxa5 Qf4 42. Rg3 h4 43. Rh3 Qf2 44. Rf3 Qe1+ 45. Rf1 Qe2 46. Rf3 h3 0-1

[Event "Ordix Open"]
[Site "Frankfurt"]
[Date "2000.06.17"]
[Round "9"]
[White "Milov, V."]
[Black "Wojkiewicz, A."]
[Result "1-0"]
[WhiteElo "2653"]
[BlackElo "2563"]
[PlyCount "121"]
[EventDate "2000.??.??"]

1. d4 Nf6 2. c4 g6 3. Nc3 Bg7 4. e4 O-O 5. Be2 c6 6. h4 d5 7. e5 Ne4 8. h5 Qa5
9. Nf3 Bg4 10. hxg6 hxg6 11. Be3 Nd7 12. Qc1 f5 13. Bh6 Nxc3 14. bxc3 Bxh6 15.
Rxh6 Bxf3 16. gxf3 Kf7 17. Rh7+ Ke6 18. Rb1 Rh8 19. Qh6 Qxc3+ 20. Kf1 Rxh7 21.
Qxh7 Nb6 22. Qxg6+ Kd7 23. Qxf5+ Kc7 24. c5 Rh8 25. cxb6+ axb6 26. Rd1 Qb2 27.
f4 Qxa2 28. Bg4 Kb8 29. Kg2 Rg8 30. Kg3 Qb3+ 31. Qd3 Qa2 32. f5 b5 33. f6 exf6
34. exf6 Rf8 35. Qe3 Qc2 36. Qe5+ Ka7 37. Qe7 Rg8 38. Qc5+ Qxc5 39. dxc5 Rf8
40. Ra1+ Kb8 41. f4 Rxf6 42. f5 b6 43. cxb6 Kb7 44. Kf4 Kxb6 45. Ke5 Rf8 46. f6
d4 47. Ke6 c5 48. Ke7 Rh8 49. f7 c4 50. f8=Q Rxf8 51. Kxf8 d3 52. Ke7 Kc5 53.
Ke6 Kd4 54. Ra8 c3 55. Rd8+ Ke3 56. Bf5 d2 57. Bc2 b4 58. Ke5 Ke2 59. Ke4 Kf2
60. Kd3 Ke1 61. Kc4 1-0

[Event "Ordix Open"]
[Site "Frankfurt"]
[Date "2000.06.18"]
[Round "10"]
[White "Rublevsky, S."]
[Black "Lobron, E."]
[Result "1/2-1/2"]
[WhiteElo "2662"]
[BlackElo "2550"]
[PlyCount "95"]
[EventDate "2000.??.??"]

1. e4 e6 2. d4 d5 3. Nd2 dxe4 4. Nxe4 Nd7 5. Nf3 Ngf6 6. Bd3 Nxe4 7. Bxe4 Nf6
8. Bg5 Be7 9. Bxf6 Bxf6 10. Qd3 Qd6 11. O-O-O Bd7 12. Bxb7 Rb8 13. Be4 c5 14.
Kb1 Ke7 15. c3 Bb5 16. Qd2 Rhd8 17. Qe3 Bc4 18. Ne5 cxd4 19. cxd4 Qa6 20. Nc6+
Ke8 21. b3 Qa3 22. Nxb8 Rxb8 23. Bc2 a5 24. Qc3 Bd5 25. Qc5 Rb4 26. Rhe1 Kd7
27. Re3 Bxd4 28. Rxd4 Rxb3+ 29. Bxb3 Qxc5 30. Red3 Qb6 31. Kc2 Ke7 32. Bxd5
exd5 33. Rxd5 Qxf2+ 34. Rd2 Qf4 35. Re2+ Kf6 36. Red2 Qc4+ 37. Kb2 Qb4+ 38. Kc2
g6 39. Kd3 h5 40. Ke3 Qb8 41. h3 Qg3+ 42. Ke4 Kg7 43. R5d3 Qc7 44. Kf3 Qc6+ 45.
Kf2 Qc5+ 46. Kf1 Qc1+ 47. Kf2 Qc5+ 48. Kf1 1/2-1/2

[Event "Ordix Open"]
[Site "Frankfurt"]
[Date "2000.06.18"]
[Round "10"]
[White "Mainka, R."]
[Black "Milov, V."]
[Result "1/2-1/2"]
[WhiteElo "2478"]
[BlackElo "2653"]
[PlyCount "64"]
[EventDate "2000.??.??"]

1. e4 c5 2. Nf3 e6 3. d4 cxd4 4. Nxd4 a6 5. Nc3 b5 6. Bd3 Bb7 7. O-O Qb6 8. Nf3
Qc7 9. a4 b4 10. Ne2 Nf6 11. Bf4 d6 12. e5 Bxf3 13. exf6 Bb7 14. fxg7 Bxg7 15.
c3 Qc6 16. f3 Nd7 17. cxb4 Qb6+ 18. Kh1 Qxb4 19. Rc1 Ne5 20. Bb1 O-O 21. Bd2
Qh4 22. Be1 Qh6 23. Rc7 Bd5 24. Bd2 Qh4 25. Nc3 Bc4 26. Re1 Bd3 27. Ne4 Bxb1
28. Qxb1 Qh5 29. Bc3 Qg6 30. Bd2 Qh5 31. Bc3 Qg6 32. Nxd6 Nd3 1/2-1/2